00910nam a22002417a 450000500170000001000130001702000220003003500130005203700170006504000120008208200210009410000300011524500970014526000470024227000440028930000240033350000500035765000510040765000330045894200300049199900190052195201280054020170124110011.0 aB-019014 c00.00a8176292516 aB-019014 bCen Lib/ Ret aDPLbEN a370.0350269bCHA aChakrabarty, Manas917815 aJudicial behaviour and decision making of the supreme court of India /cby Manas Chakrabarty a New DelhibDeep & Deep publicationsc2000 aF-159,Rajouri Grdenb New Delhie110027 aix,154p. c21cm(Hb) aIncludes bibliographical reference and index  aJudicial process--Psychological aspects973813 aJudicial process--Law973814 2ddccENh370.0350269mCHA c126552d126552 00104070aLbLd2015-06-25eCen Lib/Retg0.00l0o370.0350269 CHApB-019014r2015-06-25 00:00:00t1v0.00w2015-06-25yEN